| 000 | 00933cam a2200313 i 4500 | ||
|---|---|---|---|
| 001 | 22733 | ||
| 003 | BD-RjUL | ||
| 005 | 20211209000838.0 | ||
| 008 | 140309s1960 ii b b 001 0 eng | ||
| 035 | _a(OCoLC)780155 | ||
| 035 | _a(OCoLC)ocm00780155 | ||
| 035 | _a(CStRLIN)NYCG10474099-B | ||
| 035 | _a(BD-RjUL)22798 | ||
| 035 | _a(NNC)1128 | ||
| 040 |
_aBD-RjUL _beng _cBD-RjUL _dBD-RjUL |
||
| 041 | _aeng | ||
| 082 |
_a891.28 _bKAK |
||
| 100 | 1 |
_aKarmarkar, R. D. _q(Raghunath Damodar), _d1893-1965. _970127 |
|
| 245 | 0 | 0 |
_aKalidasa / _cby R. D. Karmarkar. |
| 260 |
_aDharwar : _bKarnatak University, _c1960. |
||
| 300 |
_ax, 239 p. : _bmap ; _c22 cm. |
||
| 490 | 1 | _aExtension lectures series ; 4 | |
| 504 | _aIncludes bibliographical references and index. | ||
| 600 | 0 | 0 |
_aKalidasa. _970128 |
| 830 | 0 |
_aExtension lectures series ; 4. _970129 |
|
| 942 |
_2ddc _cBK |
||
| 999 |
_c22733 _d22733 |
||